Statystyki dla Najlepszy piłkarz z danego kraju

Kliknij tutaj aby rozwiązać quiz!

Ogólne statystyki

  • Ten quiz został rozwiązany 782 razy
  • Średni wynik to 9 z 15

Statystyki odpowiedzi

HintOdpowiedź% Poprawnych
PolskaLewandowski
100%
ArgentynaMessi
99%
PortugaliaRonaldo
98%
BrazyliaNeymar
96%
AngliaKane
87%
ChorwacjaModric
82%
BelgiaHazard
68%
ChileVidal
66%
HiszpaniaRamos
57%
FrancjaGriezmann
49%
Bośnia i HercegowinaPjanic
43%
JaponiaKagawa
40%
NiemcyTer-stegen
14%
CzechyPavlenka
7%
ArmeniaMkhiytarian
0%

Rozkład punktacji

Percentyl według liczby udzielonych odpowiedzi

Procent ludzi z każdym wynikiem

Twoja historia wyników

Nie rozwiązałeś tego quizu